000 01049nam a2200289Ia 4500
003 OSt
005 20220930090308.0
006 a|||||r|||| 00| 0
007 ta
008 220926b |||||||| |||| 00| 0 eng d
024 _a109188
037 _cTheses
040 _aCRL
_cCRL
_beng
041 _2eng
_aeng
100 _aMenon Neethu Mohan
_9542247
110 _aUniversity of Delhi. Faculty of Medical Sciences. Department of Paediatrics
245 0 _aStudy of comparative efficacy of jet nebulizer with and without a modified spacer device in the treatment of acute exacerbation of asthma
260 _c2008
300 _a81p.
_ap.
_ccm.
650 _aCHILDREN - DISEASES
700 _a Dr. A. Bhatnagar Gu.
_9542248
700 _a Dr. G. R. Sethi Gu.
_9532627
700 _a Dr. R. N. Mandal Gu.
_9539711
700 _aUniversity of Delhi. Faculty of Medical Sciences. Department of Paediatrics
942 _cDIS
_2CC
999 _c880348
_d880348